Statistics for Countries, US States, Capitals, Elements, 100 Most Common Words: Alternating Up and Down the alphabet

Click here to take the quiz!

General Stats

  • This quiz has been taken 22 times
  • The average score is 5 of 35

Answer Stats

ANSWER % Correct
↑ {Ala}ba{ma}
68%
↓ {Car}ac{as}
42%
↓ {Dama}sc{us}
37%
↓ {Cape} Ve{rde}
32%
↓ {Uru}gu{ay}
32%
↓ {N'Dj}am{ena}
26%
↑ {Mon}ta{na}
21%
↑ {Ire}la{nd}
21%
↓ {Camb}od{ia}
21%
↓ {Pal}ik{ir}
21%
↓ {Ver}mo{nt}
21%
↓ {Bah}am{as}
21%
↑ {Ind}ia{na}
16%
↓ {Wisc}on{sin}
16%
↓ {Les}ot{ho}
16%
↑ {Aug}us{ta}
16%
↑ {Guat}em{ala}
16%
↓ {Yer}ev{an}
11%
↓ {Sen}eg{al}
11%
↑ {Gre}na{da}
11%
↑ {Dub}ni{um}
11%
↑ {Hono}lu{lu}
5%
↓ {Pho}en{ix}
5%
↑ {Fler}ov{ium}
5%
↑ {Boh}ri{um}
5%
↑ {Swaz}il{and}
0%
↓ {Tita}ni{um}
0%
↓ {Ral}ei{gh}
0%
↑ {Hol}mi{um}
0%
↓ {Kath}ma{ndu}
0%
↓ {Lin}co{ln}
0%
↓ {Mer}cu{ry}
0%
↓ {Sara}je{vo}
0%
↓ {Sama}ri{um}
0%
↓ {Sele}ni{um}
0%

Score Distribution

Percentile by Number Answered

Percent of People with Each Score

Your Score History

You have not taken this quiz